Nghiên bút mười năm

Sách sưu khảo, biên khảo và hiệu đính các tác phẩm văn học cổ điển và cận đại cũng như các tác phẩm dịch thuật. Đặc biệt tác giả dành nhiều trang sách để viết về những dịch thuật và học thuật nhiều lầm lẫn của tác giả NGUYỄN Q. THĂ...

全面介绍

Đã lưu trong:
书目详细资料
主要作者: Cao Tự Thanh
格式: 图书
语言:Undetermined
出版: Hà Nội Văn Học 1999
主题:
标签: 添加标签
没有标签, 成为第一个标记此记录!
Thư viện lưu trữ: Trung tâm Học liệu Trường Đại học Cần Thơ
LEADER 00917nam a2200181Ia 4500
001 CTU_35920
008 210402s9999 xx 000 0 und d
082 |a 895.9228 
082 |b Th107 
100 |a Cao Tự Thanh 
245 0 |a Nghiên bút mười năm 
245 0 |c Cao Tự Thanh 
260 |a Hà Nội 
260 |b Văn Học 
260 |c 1999 
520 |a Sách sưu khảo, biên khảo và hiệu đính các tác phẩm văn học cổ điển và cận đại cũng như các tác phẩm dịch thuật. Đặc biệt tác giả dành nhiều trang sách để viết về những dịch thuật và học thuật nhiều lầm lẫn của tác giả NGUYỄN Q. THẮNG 
650 |a vietnamese literature - 20th century,vietnamese literature - history and criticism 
980 |a Trung tâm Học liệu Trường Đại học Cần Thơ